Loading...
| Beliefs | 8 | 15.00 | 100% | 38% | 13% |
| Current Events | 2 | 10.00 | 100% | 0% | 0% |
| Fine Arts - Auditory Fine Arts | 2 | 15.00 | 100% | 50% | 0% |
| Fine Arts - Other Arts | 1 | 10.00 | 100% | 0% | 0% |
| Fine Arts - Visual Fine Arts | 3 | 10.00 | 100% | 0% | 0% |
| Geography | 1 | 20.00 | 100% | 100% | 0% |
| History - American History | 4 | 17.50 | 100% | 50% | 25% |
| History - European History | 2 | 15.00 | 100% | 50% | 0% |
| History - World History | 4 | 22.50 | 100% | 100% | 25% |
| Literature - American Literature | 6 | 15.00 | 100% | 50% | 0% |
| Literature - British Literature | 6 | 15.00 | 100% | 33% | 17% |
| Literature - European Literature | 3 | 20.00 | 100% | 67% | 33% |
| Literature - World Literature | 1 | 10.00 | 100% | 0% | 0% |
| Other Arts: Auditory | 2 | 10.00 | 100% | 0% | 0% |
| Other Arts: Visual | 1 | 20.00 | 100% | 100% | 0% |
| Other Science: Astronomy | 1 | 10.00 | 100% | 0% | 0% |
| Other Science: Computer Science | 2 | 5.00 | 50% | 0% | 0% |
| Other Science: Earth Science | 1 | 0.00 | 0% | 0% | 0% |
| Other Science: Math | 2 | 15.00 | 100% | 50% | 0% |
| Philosophy | 5 | 22.00 | 100% | 100% | 20% |
| Science - Biology | 4 | 12.50 | 100% | 25% | 0% |
| Science - Chemistry | 6 | 16.67 | 83% | 67% | 17% |
| Science - Physics | 4 | 12.50 | 75% | 50% | 0% |
| Social Science | 5 | 10.00 | 40% | 40% | 20% |
| 6 | 15.00 | 100% | 50% | 0% |